European Journal of Environmental Sciences

Enregistré dans:
Détails bibliographiques
Format: Publication en série
Langue:anglais
Publié: Praha Univerzita Karlova v Praze. Nakladatelství Karolinum Press 2021
Tags: Ajouter un tag
Pas de tags, Soyez le premier à ajouter un tag!

MARC

LEADER 00000nas2a2200000 4500
001 0276887
005 20240821131323.1
022 |a 1805-0174 
041 0 |a eng 
044 |a CZ 
245 1 0 |a European Journal of Environmental Sciences 
264 1 |a Praha  |b Univerzita Karlova v Praze. Nakladatelství Karolinum Press  |c 2021 
773 0 |w eu_un_cat*0149473 
774 0 |w eu_un_cat*0303739